MARC

LEADER 00000nam0a2200000 4500
001 149691
005 20231031145936.0
035 |a (RuTPU)RU\TPU\book\162290 
090 |a 149691 
100 |a 20081219d1975 km y0rusy50 ca 
101 0 |a rus 
102 |a RU 
105 |a y z 001zy 
200 1 |a Вероятностные методы выборочного контроля  |f Ю. К. Беляев 
210 |a Москва  |c Наука  |d 1975 
215 |a 408 с. 
225 1 |a Теория вероятностей и математическая статистика 
320 |a Библиогр.: с. 388-403. 
320 |a Предметный указатель: с. 404-406. 
320 |a Список обозначений: с. 407. 
610 1 |a теория вероятностей 
610 1 |a математическая статистика 
610 1 |a статистические задачи 
610 1 |a приемочный контроль 
610 1 |a выборочный контроль 
610 1 |a совокупности 
675 |a 658.562  |v 3 
675 |a 519.21  |v 3 
700 1 |a Беляев  |b Ю. К.  |g Юрий Константинович 
801 1 |a RU  |b 63413507  |c 20081219  |g PSBO 
801 2 |a RU  |b 63413507  |c 20150826  |g PSBO 
942 |c BK